Представление документа в формате RUSMARC

Поле Инд. ПП Название Значение
Тип записи a
Библиографический уровень a
001 Контрольный номер e2325862fe1e47b7959e6b4b23bcb80b
005 Дата корректировки 20190518095527.9
100 a Данные общей обработки 20190518 ||| 0rusy0189 ca
101 0_ a Язык текста rus
102 a Страна публикации RU
200 1_ f Первые сведения об ответственности О.А. Латынин
a Заглавие Доктрина и теория: сходство и различия в сфере юриспруденции
b Общее обозначение материала Текст
210 1_ d Дата издания 2019
461 _0 1 2000
a История государства и права
463 _0 1 2000
a № 3
v С. 14-20
1 2101
d 2019
1 001a3e68eaf38224c9190e51dcbef4918bf
606 a Основная рубрика Общая теория права
610 0_ a Ключевые слова РГУП
a Ключевые слова ЮРИСПРУДЕНЦИЯ
a Ключевые слова ТЕОРИЯ
a Ключевые слова НАУКА
a Ключевые слова МЕТОДОЛОГИЯ
700 _1 a Фамилия Латынин
b Имя О.А.
801 _0 a Страна RU
b Организация РГУП
c Дата составления 20190518
g Правила каталогизации PSBO
801 _1 a Страна RU
b Организация РГУП
c Дата составления 20190518
g Правила каталогизации PSBO
901 t Тип документа b
w Контрольный № источника a3e68eaf38224c9190e51dcbef4918bf
905 a Дата ввода 20190518